[Event "BRA-ch U20"]
[Site "Concordia"]
[Date "2019.08.04"]
[Round "6"]
[White "Custodio, Diego Henrique Mull"]
[Black "Lopes, Leonardo Borges"]
[Result "0-1"]
[WhiteElo "1670"]
[BlackElo "1425"]
[PlyCount "92"]
[EventDate "2019.08.01"]
[EventType "swiss"]
[EventRounds "7"]
[EventCountry "BRA"]
[SourceTitle "EXT 2020"]
[Source "ChessBase"]
[SourceDate "2019.10.17"]
[SourceVersion "1"]
[SourceVersionDate "2019.10.17"]
[SourceQuality "1"]

1. e4 c5 2. Nf3 d6 3. Nc3 Nf6 4. d4 cxd4 5. Nxd4 a6 6. g3 g6 7. Bg2 Bg7 8. 0-0 0-0 9. h3 Qc7 10. a4 Nc6 11. Be3 Ne5 12. f4 Nc4 13. Bc1 e5 14. fxe5 dxe5 15. Nb3 Be6 16. Qf3 Nd7 17. Nd2 Ndb6 18. Nxc4 Nxc4 19. b3 Nd6 20. Bb2 Rac8 21. Rac1 b5 22. Rf2 b4 23. Nd1 f5 24. Qe2 Nxe4 25. Bxe4 fxe4 26. Qxe4 Qc5 27. Qe3 Qxe3 28. Nxe3 Bh6 29. Rxf8+ Rxf8 30. Re1 Rf3 31. Ng4 Rxg3+ 32. Kf2 Rxh3 33. Nxh6+ Rxh6 34. Bxe5 Bf5 35. Bd6 Bxc2 36. Bxb4 Bxb3 37. a5 Rh3 38. Rc1 Rh4 39. Be1 Bc4 40. Kg1 Rd4 41. Bc3 Rd3 42. Kf2 Bb5 43. Bb4 h6 44. Rc5 Kf7 45. Rc7+ Rd7 46. Rc3 g5 0-1

[Event "Santa Catarina State-ch 63rd"]
[Site "Timbo"]
[Date "2019.06.07"]
[Round "2"]
[White "Custodio, Diego Henrique Mull"]
[Black "De Oliveira, Gustavo Alfredo Bue"]
[Result "1-0"]
[WhiteElo "1673"]
[BlackElo "2096"]
[PlyCount "107"]
[EventDate "2019.06.07"]
[EventType "swiss"]
[EventRounds "6"]
[EventCountry "BRA"]
[SourceTitle "EXT 2020"]
[Source "ChessBase"]
[SourceDate "2019.10.17"]
[SourceVersion "1"]
[SourceVersionDate "2019.10.17"]
[SourceQuality "1"]

1. e4 c6 2. Nf3 d5 3. Nc3 Bg4 4. exd5 cxd5 5. h3 Bxf3 6. Qxf3 e6 7. d4 Nc6 8. Be3 Bb4 9. Bb5 Nge7 10. 0-0 0-0 11. Ne2 a6 12. Bd3 Bd6 13. c3 e5 14. Bc2 e4 15. Bxe4 dxe4 16. Qxe4 Re8 17. Qf3 Ng6 18. g3 Qd7 19. h4 Nge7 20. Bf4 Bxf4 21. Nxf4 Ng6 22. Nd3 Qh3 23. Qg2 Qxg2+ 24. Kxg2 Re2 25. h5 Nge7 26. Rab1 Nd5 27. Kf3 Rc2 28. Ne1 Rd2 29. Ke4 Rd8 30. Nf3 Re2+ 31. Kd3 Re7 32. Rfe1 Rc7 33. Nh4 Nf6 34. h6 g6 35. f3 Kf8 36. Ng2 Ng8 37. Re4 f5 38. Rh4 Re7 39. Kc4 Re2 40. Nf4 Re7 41. Nxg6+ Kf7 42. Nxe7 Ncxe7 43. g4 Rd5 44. Re1 b5+ 45. Kb3 Rd7 46. Rh5 a5 47. Rg5 b4 48. Rg7+ Kf8 49. gxf5 bxc3 50. bxc3 a4+ 51. Kc2 Rd6 52. Re6 Rd5 53. Rf6+ Ke8 54. Rxh7 1-0

[Event "Concordia op 5th"]
[Site "Concordia"]
[Date "2019.05.05"]
[Round "9"]
[White "Prior, Marciane"]
[Black "Custodio, Diego Henrique Mull"]
[Result "0-1"]
[WhiteElo "1867"]
[BlackElo "1616"]
[PlyCount "134"]
[EventDate "2019.05.01"]
[EventType "swiss"]
[EventRounds "9"]
[EventCountry "BRA"]
[SourceTitle "CBM 190 Extra"]
[Source "ChessBase"]
[SourceDate "2019.07.15"]
[SourceVersion "1"]
[SourceVersionDate "2019.07.15"]
[SourceQuality "1"]

1. e4 c5 2. b3 d6 3. Bb5+ Bd7 4. Bxd7+ Nxd7 5. Bb2 e6 6. Nf3 Ngf6 7. Nc3 Be7 8. 0-0 0-0 9. Qe2 Nb6 10. a4 Re8 11. Rad1 a6 12. d4 Qc7 13. h3 Rad8 14. Rfe1 cxd4 15. Nxd4 d5 16. e5 Nfd7 17. Rd3 Bc5 18. Kh1 Nc8 19. f4 Ne7 20. g4 Bb4 21. Rf1 Nc5 22. Re3 Nc6 23. Nxc6 Qxc6 24. Na2 d4+ 25. Ref3 Bc3 26. Bxc3 Ne4 27. Be1 a5 28. Kh2 Rc8 29. c3 Red8 30. cxd4 Rxd4 31. Nc3 Nc5 32. Bf2 Nxb3 33. Bxd4 Nxd4 34. Qe3 Nxf3+ 35. Rxf3 Rd8 36. Kg3 h6 37. g5 h5 38. Qe4 Qc5 39. Qe3 Qb4 40. Kh4 Rd4 41. Kxh5 g6+ 42. Kg4 Rc4 43. Qd3 Rd4 44. Qb1 Qe7 45. Rd3 Rb4 46. Qd1 Qc7 47. Qd2 Qxe5 48. Kg3 Qc5 49. Ne2 Rxa4 50. Rd8+ Kh7 51. Rd7 Kg8 52. Qb2 Qe3+ 53. Kg2 Qe4+ 54. Kf2 e5 55. Qxe5 Qxe5 56. fxe5 b5 57. Nc3 Rb4 58. Rd5 Rb2+ 59. Ke3 b4 60. Na4 Rh2 61. Rxa5 Rxh3+ 62. Ke4 Ra3 63. Ra8+ Kg7 64. Kd4 Rg3 65. Nc5 Rxg5 66. Ne4 Rg1 67. Ra7 Rd1+ 0-1

[Event "Concordia op 5th"]
[Site "Concordia"]
[Date "2019.05.04"]
[Round "7"]
[White "Bomfim, Carlos B Campos Roc"]
[Black "Custodio, Diego Henrique Mull"]
[Result "1-0"]
[WhiteElo "1851"]
[BlackElo "1616"]
[PlyCount "37"]
[EventDate "2019.05.01"]
[EventType "swiss"]
[EventRounds "9"]
[EventCountry "BRA"]
[SourceTitle "CBM 190 Extra"]
[Source "ChessBase"]
[SourceDate "2019.07.15"]
[SourceVersion "1"]
[SourceVersionDate "2019.07.15"]
[SourceQuality "1"]

1. e4 e6 2. d4 d5 3. Nd2 Nc6 4. Ngf3 a6 5. Be2 b5 6. 0-0 Nf6 7. e5 Nd7 8. c3 Na5 9. Bd3 Be7 10. Re1 0-0 11. Qc2 f5 12. exf6 Nxf6 13. Ng5 Ng4 14. Bxh7+ Kh8 15. Ndf3 Qd6 16. Bg8 Nf6 17. Bxe6 Bxe6 18. Rxe6 Qd8 19. Rxf6 1-0

[Event "Concordia op 5th"]
[Site "Concordia"]
[Date "2019.05.01"]
[Round "2"]
[White "Guedes, Matheus Resende"]
[Black "Custodio, Diego Henrique Mull"]
[Result "1/2-1/2"]
[WhiteElo "1957"]
[BlackElo "1616"]
[PlyCount "50"]
[EventDate "2019.05.01"]
[EventType "swiss"]
[EventRounds "9"]
[EventCountry "BRA"]
[SourceTitle "CBM 190 Extra"]
[Source "ChessBase"]
[SourceDate "2019.07.15"]
[SourceVersion "1"]
[SourceVersionDate "2019.07.15"]
[SourceQuality "1"]

1. e4 c5 2. Nf3 d6 3. d4 cxd4 4. Nxd4 Nf6 5. Nc3 g6 6. Be3 Bg7 7. f3 Nc6 8. Qd2 0-0 9. 0-0-0 Nxd4 10. Bxd4 Be6 11. g4 Rc8 12. h4 h5 13. gxh5 Nxh5 14. Bxg7 Kxg7 15. f4 Qa5 16. Be2 Rxc3 17. Bxh5 Rxc2+ 18. Kxc2 Rc8+ 19. Kd3 Qxh5 20. Ke3 Rc4 21. Rc1 Qc5+ 22. Kf3 Qh5+ 23. Ke3 Qc5+ 24. Kf3 Qh5+ 25. Ke3 Qc5+ 1/2-1/2

[Event "Santa Catarina State-ch U20"]
[Site "Blumenau"]
[Date "2018.08.25"]
[Round "4"]
[White "Cezar, Ricardo de Almeida"]
[Black "Custodio, Diego Henrique Mull"]
[Result "0-1"]
[WhiteElo "1629"]
[BlackElo "1600"]
[PlyCount "58"]
[EventDate "2018.08.24"]
[EventType "swiss"]
[EventRounds "6"]
[EventCountry "BRA"]
[SourceTitle "EXT 2019"]
[Source "ChessBase"]
[SourceDate "2018.10.10"]
[SourceVersion "1"]
[SourceVersionDate "2018.10.10"]
[SourceQuality "1"]

1. d4 d5 2. Bf4 Bf5 3. e3 e6 4. Nf3 Nf6 5. c4 Nh5 6. Bg5 f6 7. Bh4 Bxb1 8. Rxb1 Bb4+ 9. Nd2 Bxd2+ 10. Qxd2 g5 11. Be2 Ng7 12. Bg3 Nf5 13. Bh5+ Kd7 14. cxd5 Nxg3 15. dxe6+ Kxe6 16. hxg3 Qd5 17. a3 Qxg2 18. Ke2 Qe4 19. Bf3 Qf5 20. d5+ Kf7 21. Qc3 g4 22. Bg2 Nd7 23. Qc4 Ne5 24. Qxc7+ Kg6 25. e4 Qg5 26. f4 gxf3+ 27. Bxf3 Rac8 28. Qxb7 Rc2+ 29. Kf1 Nxf3 0-1

[Event "Concordia op 4th"]
[Site "Concordia"]
[Date "2018.06.30"]
[Round "4"]
[White "Weber, Eduarda Pasqualoto"]
[Black "Custodio, Diego Henrique Mull"]
[Result "1-0"]
[WhiteElo "1875"]
[BlackElo "1579"]
[PlyCount "59"]
[EventDate "2018.06.29"]
[EventType "swiss"]
[EventRounds "6"]
[EventCountry "BRA"]
[SourceTitle "EXT 2019"]
[Source "ChessBase"]
[SourceDate "2018.10.10"]
[SourceVersion "1"]
[SourceVersionDate "2018.10.10"]
[SourceQuality "1"]

1. e4 c5 2. Nc3 Nc6 3. Bb5 e6 4. Bxc6 bxc6 5. d3 d5 6. e5 Ne7 7. f4 Ba6 8. Nf3 Qb6 9. 0-0 Nf5 10. Kh1 c4 11. d4 c5 12. Na4 Qc6 13. Nxc5 Bxc5 14. dxc5 c3 15. Re1 cxb2 16. Bxb2 Qxc5 17. Nd4 Nxd4 18. Bxd4 Qc6 19. Re3 0-0 20. Rg3 Rfc8 21. f5 exf5 22. e6 g6 23. exf7+ Kxf7 24. Rh3 h5 25. Qd2 Qe8 26. Re1 Qg8 27. Qg5 Qd8 28. Qh6 Qg8 29. Rxh5 gxh5 30. Qf6# 1-0

[Event "Santa Catarina-chT"]
[Site "Piratuba"]
[Date "2018.04.14"]
[Round "3.1"]
[White "Custodio, Diego Henrique Mull"]
[Black "Rahn, Marlon Cristiano"]
[Result "1-0"]
[WhiteElo "1527"]
[BlackElo "1723"]
[PlyCount "91"]
[EventDate "2018.04.13"]
[EventType "team-swiss"]
[EventRounds "5"]
[EventCountry "BRA"]
[SourceTitle "CBM 184 Extra"]
[Source "ChessBase"]
[SourceDate "2018.06.28"]
[SourceVersion "1"]
[SourceVersionDate "2018.06.28"]
[SourceQuality "1"]
[WhiteTeam "Piratuba"]
[BlackTeam "Jaragua do Sul"]
[WhiteTeamCountry "BRA"]
[BlackTeamCountry "BRA"]

1. e4 c5 2. Nc3 d6 3. g3 e6 4. Bg2 Nc6 5. f4 Nf6 6. Nf3 h6 7. d3 a6 8. 0-0 Be7 9. h3 b5 10. Be3 0-0 11. e5 Nd5 12. Qd2 Nxe3 13. Qxe3 Bb7 14. exd6 Qxd6 15. Ne4 Qc7 16. Kh1 Nb4 17. Rf2 Nd5 18. Qe2 f5 19. Ned2 Nb4 20. Qxe6+ Rf7 21. Ne5 Raf8 22. Nxf7 Rxf7 23. Nf1 Bxg2+ 24. Kxg2 Qc6+ 25. Qxc6 Nxc6 26. c3 Bd8 27. Re2 Kh7 28. Rae1 b4 29. Re6 Ne7 30. R1e5 bxc3 31. bxc3 Rf6 32. Rxf6 gxf6 33. Rxc5 Bb6 34. Rc4 Nd5 35. Rc6 a5 36. c4 Nxf4+ 37. gxf4 Bd4 38. Kf3 Kg6 39. Ne3 h5 40. Nd5 h4 41. Ra6 Bg1 42. Rxa5 Kf7 43. Ne3 Ke7 44. Nxf5+ Ke6 45. Nxh4 Bc5 46. Rxc5 1-0

[Event "Santa Catarina-chT"]
[Site "Piratuba"]
[Date "2018.04.14"]
[Round "2.1"]
[White "Quevedo Naissinger, Willian"]
[Black "Custodio, Diego Henrique Mull"]
[Result "1/2-1/2"]
[WhiteElo "2037"]
[BlackElo "1527"]
[PlyCount "65"]
[EventDate "2018.04.13"]
[EventType "team-swiss"]
[EventRounds "5"]
[EventCountry "BRA"]
[SourceTitle "CBM 184 Extra"]
[Source "ChessBase"]
[SourceDate "2018.06.28"]
[SourceVersion "1"]
[SourceVersionDate "2018.06.28"]
[SourceQuality "1"]
[WhiteTeam "Elo Ideias"]
[BlackTeam "Piratuba"]
[WhiteTeamCountry "BRA"]
[BlackTeamCountry "BRA"]

1. e4 c5 2. Nf3 d6 3. d4 cxd4 4. Qxd4 Nc6 5. Bb5 Bd7 6. Bxc6 Bxc6 7. c4 Nf6 8. Nc3 e6 9. Bg5 Be7 10. 0-0 h6 11. Bh4 0-0 12. Rfd1 Qb6 13. Qxb6 axb6 14. Nd4 g5 15. Nxc6 bxc6 16. Bg3 Rfd8 17. e5 Ne8 18. exd6 Bxd6 19. Bxd6 Nxd6 20. b3 Nf5 21. Na4 b5 22. cxb5 cxb5 23. Nb2 Rxd1+ 24. Nxd1 Nd4 25. Nc3 Nxb3 26. Rb1 b4 27. Rxb3 bxc3 28. Rxc3 Rxa2 29. h3 Kg7 30. g3 h5 31. Kg2 Kg6 32. Rb3 Ra4 33. Rc3 1/2-1/2

[Event "Santa Catarina State-ch 62nd"]
[Site "Concordia"]
[Date "2018.02.24"]
[Round "5"]
[White "Custodio, Diego Henrique Mull"]
[Black "Arndt, Claudio Felipe"]
[Result "1-0"]
[WhiteElo "1503"]
[BlackElo "1780"]
[PlyCount "67"]
[EventDate "2018.02.22"]
[EventType "swiss"]
[EventRounds "7"]
[EventCountry "BRA"]
[SourceTitle "CBM 183 Extra"]
[Source "ChessBase"]
[SourceDate "2018.04.19"]
[SourceVersion "1"]
[SourceVersionDate "2018.04.19"]
[SourceQuality "1"]

1. e4 c6 2. Nc3 d5 3. Nf3 Bg4 4. h3 Bxf3 5. Qxf3 e6 6. g3 Nd7 7. Bg2 Ngf6 8. d3 Bb4 9. Bd2 d4 10. Nb1 Bxd2+ 11. Nxd2 0-0 12. 0-0 e5 13. g4 h6 14. Qg3 Qe7 15. f4 exf4 16. Rxf4 Rae8 17. Raf1 Ne5 18. Nf3 Nxf3+ 19. R4xf3 Qe5 20. Qf2 Qd6 21. Rf5 Re7 22. g5 hxg5 23. Rxg5 Nh7 24. Rf5 g6 25. Rf3 c5 26. h4 Qe5 27. Bh3 f6 28. Qg2 Kf7 29. Rg3 Rg8 30. Rf5 Qd6 31. Rd5 Qf4 32. Bf5 gxf5 33. Rxg8 Qe3+ 34. Kh2 1-0

[Event "BRA-ch U16"]
[Site "Itajai"]
[Date "2017.06.03"]
[Round "5"]
[White "Labussiere, Victor"]
[Black "Custodio, Diego Henrique Mull"]
[Result "1-0"]
[WhiteElo "1864"]
[BlackElo "1470"]
[PlyCount "61"]
[EventDate "2017.06.01"]
[EventType "swiss"]
[EventRounds "6"]
[EventCountry "BRA"]
[SourceTitle "CBM 179 Extra"]
[Source "ChessBase"]
[SourceDate "2017.08.23"]
[SourceVersion "1"]
[SourceVersionDate "2017.08.23"]
[SourceQuality "1"]

1. d4 d5 2. c4 Bf5 3. Nc3 e6 4. Qb3 Nc6 5. cxd5 exd5 6. Be3 Bb4 7. Nf3 a5 8. Bd2 Nf6 9. e3 a4 10. Nxa4 Qe7 11. Bb5 0-0 12. Bxc6 Bxd2+ 13. Nxd2 bxc6 14. Nc5 Rfb8 15. Qc3 Ne4 16. Ndxe4 Bxe4 17. 0-0 Rb6 18. a3 f5 19. f3 Bd3 20. Nxd3 Qxe3+ 21. Kh1 Rab8 22. Rfe1 Qg5 23. b4 h5 24. f4 Qf6 25. Nc5 Qd8 26. Re5 Ra8 27. Rxf5 Qh4 28. Re1 Qg4 29. Rg5 Qxf4 30. Rxg7+ Kh8 31. Qd3 1-0

[Event "Florianopolis Winter U220 op"]
[Site "Florianopolis"]
[Date "2016.08.20"]
[Round "4"]
[White "Custodio, Diego Henrique Mull"]
[Black "Faria, Juliano Espezim Soa"]
[Result "1/2-1/2"]
[WhiteElo "1482"]
[BlackElo "1777"]
[PlyCount "47"]
[EventDate "2016.08.19"]
[EventType "swiss"]
[EventRounds "7"]
[EventCountry "BRA"]
[SourceTitle "CBM 174 Extra"]
[Source "ChessBase"]
[SourceDate "2016.10.10"]
[SourceVersion "1"]
[SourceVersionDate "2016.10.10"]
[SourceQuality "1"]

1. e4 Nf6 2. Nc3 d5 3. exd5 Nxd5 4. Nf3 Bg4 5. Be2 e6 6. 0-0 Be7 7. Ne5 Bf5 8. Re1 0-0 9. Nxd5 exd5 10. d4 Nd7 11. Nxd7 Qxd7 12. Bd3 Bd6 13. Qf3 Bg4 14. Qe3 Rae8 15. Qd2 c6 16. Qc3 Rxe1+ 17. Qxe1 Re8 18. Qc3 Qe7 19. Bd2 Qh4 20. f4 Be2 21. Re1 Qh5 22. Kf2 Qh4+ 23. Kg1 Qh5 24. Kf2 1/2-1/2